00586nam a2200169Ia 4500008004100000020001500041041001200056082001600068100001400084245006500098260003800163300000800201650001400209942000700223999001500230952017100245221030s9999 xx 000 0 und d a8173194726 aEnglish a105.23bJag aJag Mohan 0aOrganic Analytical Chemistry Theory & Practicecby Jag Mohan bNarosa Pub. HouseaNew Delhic660 a660 aChemistry cBK c3612d3612 pBE 8716g395.00l0o105.23 Jagr2024-06-13 00:00:00w2022-10-30yBK003Print4070aMIETLIBbMIETLIBcBL-Academic Block C, FL-2, CUP-88, SH-3, R-3d2006-11-2010HBE